Регионална библиотека "Любен Каравелов" - Русе

Вълна след вълна (Запис номер 168010)

MARC детайли
000 -Лидер
Контролно поле с фиксирана дължина 01453nam a2200325 c 4500
003 - Код на организацията, давaща контролен номер
Контролно поле BLK
005 - Дата и час на последна редакция
Контролно поле 20220616145916.0
008 - Елементи от данни с фиксирана дължина
fixed length control field 180411b bul|||||r ||||||| ||bul||
010 ## - Наследен системен номер
LC control number KNG00175870000
040 ## - Източник на каталожния запис
Идентификатор на билиотеката - собственик на записа BLK
041 ## - Код за език
Код за езика на текст/звукозапис или на отделно заглавие Български
Код за езика КДБФ Български
080 ## - УДК
Текстов определител УДК Географско разпространение на животните. Зоогеография. Фауна. Подразделя се чрез определителите за място (Табл. Ie). Вж и 591.5
УДК код - определител по УДК 591.9
УДК определител (98)
УДК - код + определител 591.9(98)
100 1# - Редна дума - Автор
Автор Йилсетър, Свен
Авторска отговорност първи автор
R(LIN) 73343
139 ## - Редно поле
Редна дума Йилсетър, Свен
Авторски знак Изч - И 47
245 10 - Сведения за заглавието
Заглавие Вълна след вълна
Подзаглавни данни Пътешествие сред животните от полярния кръг
Редно поле (дума) Свен Йилсетър; прев. от швед. Светослав Колев.
257 ## - Страна на издаване
Страна на създаване/издаване България
260 ## - Област на издателските данни
Име на издателя, разпространителя и проч. Държ. изд.
Година на издаване 1968
Място на издаване, разпространение и проч. Варна
300 ## - Физическа характеристика
Страници 183 с.
Илюстрации и др. с к., 32 л. : ил.
Размери/Мащаб 22 см
380 ## - Жанр
Жанр Естествени науки. Математика
490 ## - СЕРИИ (Колекции)
Име на серия Библиотека Нептун
№: серия 1
9 (RLIN) 205192
650 #4 - Допълнително описание по предмет – тема
Основно описание – тема или топоним Животни - географско разпределение
9 (RLIN) 278159
653 ## - Ключова дума – ненормативна
Ключова дума полярни области
653 ## - Ключова дума – ненормативна
Ключова дума животни
700 1# - Други автори (авторска отговорност)
Лично име Колев, Светослав
Автороска отговорност (Описва отношението между автора и произведението) прев. от швед.
9 (RLIN) 367902
852 ## - Местоположение
Форматна сигнатура Цб 47072
Фондова буква Хранилище
856 4# - Електронен адрес и достъп
Електронен формат pdf - файл
856 4# - Електронен адрес и достъп
Електронен формат pdf - файл
999 ## - СИСТЕМНИ КОНТРОЛНИ НОМЕРА
Koha biblionumber 168010
Koha biblioitemnumber 168010
942 ## - АРТИКУЛИ
Вид на библиотечния материал Книги
Скрит в OPAC Не
Периодичен библиозапис Да
944 ## - СЪЗДАВАНЕ И РЕДАКЦИЯ на ЗАПИСА
Създаване/Редакция Създаване
Дата на регистрацията/редакция 27.05.2015
Служител, извършил регистрацията/редакцията Ренета_Константинова
944 ## - СЪЗДАВАНЕ И РЕДАКЦИЯ на ЗАПИСА
Създаване/Редакция Редакция
Дата на регистрацията/редакция 24.06.2016
Служител, извършил регистрацията/редакцията Нора_Радева
944 ## - СЪЗДАВАНЕ И РЕДАКЦИЯ на ЗАПИСА
Създаване/Редакция Редакция
Дата на регистрацията/редакция 2022-06-16
Служител, извършил регистрацията/редакцията ВП
999 ## - СИСТЕМНИ КОНТРОЛНИ НОМЕРА
Koha biblioitemnumber 168010
Наличности
Код за отписване Код за изгубен артикул Източник на класификационната схема Код за повреда Коз за рестрикции Код за отдаване Артикулен № Име на библиотеката - собственик Име на библиотеката, в която се намира в момента Статус (Текущо местоположение) Дата на вписване в системата Местоположение - отдел Цена в лева Инвентарен номер Систематично азбучна сигнатура Баркод Номер на екземпляра Цена в евро Служебна бележка Служебен тип на артикула
  Не е изгубен Universal Decimal Classification Не е повреден без рестрикции ползва се в читалня 283328 Регионална библиотека "Любен Каравелов" Русе Регионална библиотека "Любен Каравелов" Русе Хранилище 1968-01-01 Хранилище 1.94 13466/68 Цб 47072 900000102353 1 0.99 Дост: Dp Вид: Д N: стар фонд Дата: 01.01.1968 Книги
Изтеглен Не е изгубен Universal Decimal Classification Не е повреден без рестрикции заемане за дома 283329 Регионална библиотека "Любен Каравелов" Русе Регионална библиотека "Любен Каравелов" Русе Заемна - подръчен фонд 1968-01-01 Заемна - подръчен фонд 0.00 13676/68 П 591/И 47 13676/68 2 0.00 Вид: Сф N: стар фонд Дата: 01.01.1968 Книги
Изтеглен Не е изгубен Universal Decimal Classification Не е повреден без рестрикции заемане за дома 283330 Регионална библиотека "Любен Каравелов" Русе Регионална библиотека "Любен Каравелов" Русе Заемна - подръчен фонд 1968-01-01 Заемна - подръчен фонд 0.00 13679/68 П 591/И 47 13679/68 3 0.00 Вид: Сф N: стар фонд Дата: 01.01.1968 Книги
Vip Innovations Ltd, Rousse, Bulgaria 2025